000 00430nam a22001697a 4500
005 20180813100507.0
008 160617b xxu||||| |||| 00| 0 eng d
020 _a0-07-059843-6
041 _aeng
082 _b8027
_a658.3124
100 _aWilson, Thomas B
_92074
245 _aInnovative Reward Systems for the changing workplace
260 _bTMH
_adelhi
_c2004
300 _a359p,
650 _aManagement
_9241
942 _cBK
999 _c2996
_d2995